Southville International School and Colleges
Your cart is empty.
  • Cart
  • Lists
    Public lists Eva Luna New books Lux_list list_1
    Your lists Log in to create your own lists
  • Log in to your account
  • Your cookies
  • Search history
Southville International School and Colleges
  • Advanced search
  • Recent comments
  • Most popular
  • Libraries

Log in to your account

Log in with GOOGLE


If you do not have an external account, but do have a local account, you can still log in:

  1. Home
  2. MARC view: Go negosyo :
Normal view MARC view ISBD view

Go negosyo : (Record no. 22431)

[ view plain ]
MARC details
000 -LEADER
fixed length control field 00811nam a2200241 a 4500
005 - DATE AND TIME OF LATEST TRANSACTION
control field 20140310183407.0
008 - FIXED-LENGTH DATA ELEMENTS--GENERAL INFORMATION
fixed length control field 121018s19uu xx 00 eng d
020 ## - INTERNATIONAL STANDARD BOOK NUMBER
International Standard Book Number 9789719439240
050 ## - LIBRARY OF CONGRESS CALL NUMBER
Classification number HF 5386
Item number .C744 2011
100 ## - MAIN ENTRY--PERSONAL NAME
Personal name Concepcion, Joey
245 ## - TITLE STATEMENT
Title Go negosyo :
Remainder of title Joey Concepcion's 50 inspiring stories of young entrepreneurs /
Statement of responsibility, etc Joey Concepcion... [et al.].
250 ## - EDITION STATEMENT
Edition statement 1st ed.
260 ## - PUBLICATION, DISTRIBUTION, ETC. (IMPRINT)
Place of publication, distribution, etc Mandaluyong City, Philippines :
Name of publisher, distributor, etc Philippine Center for Entrepreneurship,
Date of publication, distribution, etc 2011.
300 ## - PHYSICAL DESCRIPTION
Extent 229 p. :
Other physical details col. ill. ;
Dimensions 22 cm.
440 ## - SERIES STATEMENT/ADDED ENTRY--TITLE
Title Go Negosyo
521 ## - TARGET AUDIENCE NOTE
Target audience note
650 ## - SUBJECT ADDED ENTRY--TOPICAL TERM
Topical term or geographic name as entry element Success in business
General subdivision Philippines
650 ## - SUBJECT ADDED ENTRY--TOPICAL TERM
Topical term or geographic name as entry element Businesspeople
General subdivision Philippines
650 ## - SUBJECT ADDED ENTRY--TOPICAL TERM
Topical term or geographic name as entry element Entrepreneurship in literature
650 ## - SUBJECT ADDED ENTRY--TOPICAL TERM
Topical term or geographic name as entry element Creative ability in business
942 ## - ADDED ENTRY ELEMENTS (KOHA)
Koha item type Books
Source of classification or shelving scheme Library of Congress Classification
Call number prefix Foreign
Holdings
Withdrawn status Lost status Source of classification or shelving scheme Damaged status Home library Current library Shelving location Date acquired Source of acquisition Total Checkouts Full call number Barcode Date last seen Date checked out Copy number Price effective from Koha item type
    Library of Congress Classification   College Library College Library Filipiniana Section 10/18/2012 Donation 1 HF 5386 .C744 2011 C16411 05/08/2018 09/10/2014 1 10/10/2013 Books

Go negosyo :

APA

Concepcion J., . (2011). Go negosyo. Mandaluyong City, Philippines: Philippine Center for Entrepreneurship.

Chicago

Concepcion Joey, . 2011. Go negosyo. Mandaluyong City, Philippines: Philippine Center for Entrepreneurship.

Harvard

Concepcion J., . (2011). Go negosyo. Mandaluyong City, Philippines: Philippine Center for Entrepreneurship.

MLA

Concepcion Joey, . Go negosyo. Mandaluyong City, Philippines: Philippine Center for Entrepreneurship. 2011.

  • Place hold
  • Print
  • Cite
  • Add to your cart (remove)
  • Save record
    BIBTEX Dublin Core MARCXML MARC (non-Unicode/MARC-8) MARC (Unicode/UTF-8) MARC (Unicode/UTF-8, Standard) MODS (XML) RIS
  • More searches
    Search for this title in:
    Other Libraries (WorldCat) Other Databases (Google Scholar) Online Stores (Bookfinder.com) Open Library (openlibrary.org)

Exporting to Dublin Core...

SOUTHVILLE LIBRARY

Southville International School and Colleges Library

1281 Tropical Ave. Cor. Luxembourg St., BF Homes International, Las Pinas City

Tel. No. 8256374 / 252358 Loc. 117/146

Powered by Koha